| 000 | 01079nam a22002657a 4500 | ||
|---|---|---|---|
| 005 | 20240530110605.0 | ||
| 008 | 161031s2014 ua a g 000 0 ara d | ||
| 017 |
_a2013/14424 _bمصر. دار الكتب |
||
| 020 | _a9772329267 | ||
| 040 |
_aEG-CaGPL _cEG-CaGPL |
||
| 082 | 0 | 4 |
_221 _a153.35\ _bف ع |
| 100 | 1 | _aفيسك ، بيتر . | |
| 245 | 1 | 0 |
_aعبقرية الابداع : _bدليل الابتكار لقادة الاعمال يعبرون الحدود و يغيرون قواعد اللعبة / _cتاليف بيتر فيسك ؛ ترجمة احمد طاهر ، محمد حسن قناوى . |
| 250 | _aط.1 | ||
| 260 |
_aالقاهرة : _bعالم الكتب ، _c2014 . |
||
| 300 |
_a509 ص : _bايض ؛ _c17 سم . |
||
| 650 | 0 | 7 |
_2qrmak _aالابتكار . |
| 650 | 0 | 7 |
_2qrmak _aالافكار . |
| 650 | 0 | 7 |
_2qrmak _aادارة الاعمال . |
| 650 | 0 | 7 |
_2qrmak _aالابداع . |
| 700 | 0 |
_aاحمد طاهر _eمترجم . |
|
| 700 | 0 |
_aمحمد حسن قناوى _eمترجم . |
|
| 942 |
_2ddc _cBK |
||
| 999 |
_c62737 _d62737 |
||